=LDR 00000nam 2200000 4500 =001 INLIS000000000037607 =005 20130612143331 =008 ***********************************Ind** =035 ##$$0010-061300000037607 =041 ##$$a Ind =082 ##$$a 880 =090 ##$$a 880, Kis k =245 ##$$a Kisah-kisah kebijaksanaan dari negeri cina, Terjemahan, Nadya Andwiani =260 ##$$a 2007 $b Jakarta =300 ##$$a vii, 132 hlm, ilus, 28 cm =650 ##$$a Kesusastraan Klasik =700 ##$$a Andwiani, Nadya =850 ##$$a NBPNMAT =990 ##$$a 0001/BPAP-NTB/20142015